000 00334nam a2200157Ia 4500
100 _aGerrard/Peter
650 _aGeneral
942 _cBK
654 _asprites
245 _aSprites and sound on the 64
260 _bGerald Duckworth
_aLondon
_c1984
082 _a1.6443
_bGER
300 _a255
546 _aENGLISH
999 _c34625
_d34625